000 00751cam a2200265 a 4500
001 2384088
003 OSt
005 20230620085719.0
008 841102s1984 ii 000 0 eng
010 _a 84901051
020 _a0706925696 :
_cRs25.00
025 _aI E 46390
040 _aDLC
_cDLC
_dDLC
_dOCoLC
043 _aa-ii---
082 0 0 _a307.7
_bJAG
100 0 _aJagmohan,
_d1927-2021.
245 1 4 _aThe challenge of our cities /
_cJagmohan.
260 _aNew Delhi :
_bVikas,
_cc1984.
300 _aviii, 54 p. ;
_c23 cm.
500 _a"Sardar Patel memorial lectures, 1983."
650 0 _aUrbanization
_zIndia.
740 0 _aSardar Patel memorial lectures.
906 _a7
_bcbc
_corignew
_d3
_encip
_f19
_gy-gencatlg
942 _2ddc
_cBK
999 _c1482
_d1482